000 00307nam a2200145Ia 4500
003 OSt
005 20240326143721.0
008 170523s9999 xx 000 0 und d
020 _anil
040 _ciimtu meerut
100 _aMATHEWS
245 0 _aFRONTPAGE 2002 CONCEPT
260 _bPHI
942 _2ddc
_c02
999 _c1962
_d1962